Le monde illustré. (Record no. 1480)

MARC details
000 -LEADER
campo de control de longitud fija 00897nas a22002891i#4500
001 - NÚMERO DE CONTROL
campo de control 1480
003 - IDENTIFICADOR DE NÚMERO DE CONTROL
campo de control ES-MaACL
005 - FECHA Y HORA DE LA ÚLTIMA TRANSACCIÓN
campo de control 20250217134223.0
007 - CAMPO FIJO DE DESCRIPCIÓN FÍSICA--INFORMACIÓN GENERAL
campo de control de longitud fija t|
008 - DATOS DE LONGITUD FIJA--INFORMACIÓN GENERAL
campo de control de longitud fija 950801i18571948fr | | 1 ||re d
080 ## - NÚMERO DE LA CLASIFICACIÓN DECIMAL UNIVERSAL
Número de la Clasificación Decimal Universal 44
245 03 - MENCIÓN DEL TÍTULO
Título Le monde illustré.
260 ## - PUBLICACIÓN, DISTRIBUCIÓN, ETC.
Lugar de publicación, distribución, etc. Paris :
Nombre del editor, distribuidor, etc. Imp. de la Libraire Nouvelle,
Fecha de publicación, distribución, etc. 1857- (
Fabricante E. Desfosses-Neogravure)
300 ## - DESCRIPCIÓN FÍSICA
Extensión 42 v. :
Otras características físicas grab ;
Dimensiones 37 cm.
310 ## - PERIODICIDAD ACTUAL
Periodicidad actual Semanal
362 0# - FECHAS DE PUBLICACIÓN Y/O DESIGNACIÓN SECUENCIAL
Fecha de publicación y/o designación secuencial Año I, t. I (1857)-(1948)
500 ## - NOTA GENERAL
Nota general A partir de 1946 no figuran los tomos.
650 14 - PUNTO DE ACCESO ADICIONAL DE MATERIA--TÉRMINO DE MATERIA
Término de materia o nombre geográfico como elemento de entrada Revistas de información general.
9 (RLIN) 16896
700 1# - ENTRADA AGREGADA--NOMBRE PERSONAL
Nombre de persona Pointel,
9 (RLIN) 194212
700 1# - ENTRADA AGREGADA--NOMBRE PERSONAL
Nombre de persona Dalloz, Paul,
9 (RLIN) 42499
700 1# - ENTRADA AGREGADA--NOMBRE PERSONAL
Nombre de persona Hubert, Edouard,
9 (RLIN) 194213
700 1# - ENTRADA AGREGADA--NOMBRE PERSONAL
Nombre de persona Desfosses, Edouard,
9 (RLIN) 194214
852 ## - LOCALIZACIÓN
Ubicación ES-MaACL
Número de control de estantería Z-51
Signatura antigua Olim: Hem-64
866 #0 - MENCIÓN TEXTUAL DE FONDOS--UNIDAD BIBLIOGRÁFICA BÁSICA
Fondos 1860-70, (1871 f.ene-mar.)1872-81, 1883-86, 1888-96, (1946-48).
942 ## - ELEMENTOS DE ENTRADA SECUNDARIOS (KOHA)
Fuente del sistema de clasificación o colocación Clasificación decimal universal
Holdings
Estatus retirado Estado de pérdida Fuente del sistema de clasificación o colocación Estado de daño No para préstamo Colección Biblioteca de origen Biblioteca actual Ubicación en estantería Fecha de adquisición Total de préstamos Signatura topográfica completa Código de barras Visto por última vez Precio de reemplazo Tipo de ítem Koha
    Clasificación decimal universal     Periódicos y Revistas Biblioteca del Ateneo de Madrid Biblioteca del Ateneo de Madrid Depósito Z 17/01/2008   Z-51 1001510 23/02/2023 23/02/2023 Revista